Zákon o súdnych exekútoroch a exekučnej činnosti (Exekučný poriadok) s komentárom
Zákon NR SR č. 233/1995 Z.z. o súdnych exekútoroch a exekučnej činnosti a o zmene a doplnení ďalších zákonov v znení ďalších zákonov... a zákona č. 341/2005 Z.z. Komentár k tomuto zákonu.
Salvato in:
| Autore principale: | |
|---|---|
| Natura: | Capitolo di libro |
| Lingua: | slovacco |
| Soggetti: | |
| Tags: |
Nessun Tag, puoi essere il primo ad aggiungerne!!
|
MARC
| LEADER | 00000naa$a2200000$$$4500 | ||
|---|---|---|---|
| 001 | 0036856 | ||
| 005 | 20230919095257.0 | ||
| 041 | 0 | |a slo | |
| 044 | |a SK | ||
| 245 | 1 | 0 | |a Zákon o súdnych exekútoroch a exekučnej činnosti (Exekučný poriadok) s komentárom |c Eva Kováčiková |
| 520 | |a Zákon NR SR č. 233/1995 Z.z. o súdnych exekútoroch a exekučnej činnosti a o zmene a doplnení ďalších zákonov v znení ďalších zákonov... a zákona č. 341/2005 Z.z. Komentár k tomuto zákonu. | ||
| 610 | 2 | 0 | |a exekútori |
| 610 | 2 | 0 | |a exekúcia |
| 610 | 2 | 0 | |a právo exekučné |
| 610 | 2 | 0 | |a zákony |
| 610 | 2 | 0 | |a komentáre |
| 610 | 2 | 0 | |a Slovensko |
| 610 | 2 | 0 | |a 1995-2005 |
| 100 | 1 | |a Kováčiková, Eva | |